Loading...
| Fine Arts - Auditory | 0 | 3 | 0 | 0 | 30 | 99 | 120.33 | 1 | 3 | 0.00 | 0.00 |
| Science - Chemistry | 0 | 3 | 0 | 0 | 30 | 67 | 103.67 | 0 | 3 | 0.00 | 0.00 |
| Science - Biology | 0 | 2 | 0 | 1 | 20 | 103 | 122.50 | 1 | 2 | 0.00 | 0.00 |
| Fine Arts - Visual | 0 | 2 | 0 | 0 | 20 | 94 | 113.00 | 1 | 2 | 0.00 | 0.00 |
| Science - Physics | 0 | 2 | 0 | 0 | 20 | 113 | 120.50 | 0 | 2 | 0.00 | 0.00 |
| Social Science | 0 | 1 | 0 | 1 | 10 | 142 | 142.00 | 0 | 1 | 0.00 | 0.00 |
| Other Science: Earth Science | 0 | 1 | 0 | 0 | 10 | 151 | 151.00 | 0 | 1 | 0.00 | 0.00 |
| Beliefs | 0 | 1 | 1 | 1 | 5 | 137 | 137.00 | 0 | 1 | 0.00 | 0.00 |
| Other Science: Astronomy | 0 | 0 | 1 | 0 | -5 | 0.00 | 0 | 0 | 0.00 | 0.00 | |
| Other Arts: Auditory | 0 | 0 | 1 | 0 | -5 | 0.00 | 0 | 0 | 0.00 | 0.00 |